[Event "Medellin Flores op 19th"]
[Site "Medellin"]
[Date "2013.08.05"]
[Round "5"]
[White "Herrera, Juan Sebastian"]
[Black "Lizarazo, Juan Carlos"]
[Result "1/2-1/2"]
[WhiteElo "2244"]
[BlackElo "2084"]
[PlyCount "71"]
[EventDate "2013.08.03"]
[EventType "swiss"]
[EventRounds "9"]
[EventCountry "COL"]
[SourceTitle "CBM 155 Extra"]
[Source "ChessBase"]
[SourceDate "2013.08.26"]
[SourceVersion "1"]
[SourceVersionDate "2013.08.26"]
[SourceQuality "1"]

1. e4 c5 2. Nf3 Nc6 3. Bb5 Qb6 4. Nc3 e6 5. 0-0 a6 6. Bxc6 Qxc6 7. d4 cxd4 8. Nxd4 Qc7 9. a4 Nf6 10. a5 Bb4 11. Nb3 0-0 12. Qf3 d5 13. exd5 Bxc3 14. d6 Qxd6 15. bxc3 Re8 16. Rd1 Qc7 17. Bf4 e5 18. Bg5 e4 19. Qg3 Qxg3 20. hxg3 Bg4 21. Rd4 Rac8 22. Bxf6 gxf6 23. Nd2 Bf5 24. Nc4 Rc5 25. Rb1 Re7 26. Ne3 Be6 27. Rxe4 Rxa5 28. Reb4 b5 29. Rd1 Kg7 30. c4 bxc4 31. Nxc4 Bxc4 32. Rxc4 Ree5 33. g4 Rac5 34. Ra4 Rxc2 35. Rxa6 Ree2 36. Rf1 1/2-1/2

[Event "Medellin Flores op 19th"]
[Site "Medellin"]
[Date "2013.08.05"]
[Round "4"]
[White "Lizarazo, Juan Carlos"]
[Black "Ruiz Aguilar, Pablo Alexander"]
[Result "1/2-1/2"]
[WhiteElo "2084"]
[BlackElo "2276"]
[PlyCount "120"]
[EventDate "2013.08.03"]
[EventType "swiss"]
[EventRounds "9"]
[EventCountry "COL"]
[SourceTitle "CBM 155 Extra"]
[Source "ChessBase"]
[SourceDate "2013.08.26"]
[SourceVersion "1"]
[SourceVersionDate "2013.08.26"]
[SourceQuality "1"]

1. e4 c5 2. Nf3 e6 3. Nc3 a6 4. a4 Nc6 5. d3 d5 6. g3 Nf6 7. Bg2 dxe4 8. Nxe4 Nxe4 9. dxe4 Qxd1+ 10. Kxd1 e5 11. Bd2 Be7 12. Bc3 Bf6 13. h4 Bg4 14. Kc1 Nd4 15. Nxd4 cxd4 16. Bb4 Rc8 17. f3 Be6 18. Bf1 Be7 19. Bxe7 Kxe7 20. Bh3 Rc4 21. Bxe6 Kxe6 22. Ra3 Rhc8 23. Rh2 Rb4 24. Rd2 Rcc4 25. b3 Rc3 26. Rd3 Rxd3 27. cxd3 Rb6 28. Kb2 a5 29. f4 Rc6 30. fxe5 Kxe5 31. Ra1 Rc3 32. Rf1 Rxd3 33. Rxf7 Rxg3 34. Rxb7 Rg2+ 35. Kc1 Kxe4 36. b4 axb4 37. Rxb4 Kd3 38. Rb3+ Kc4 39. Rb7 Kc3 40. Rc7+ Kb4 41. Ra7 h5 42. a5 Rg4 43. a6 Ka5 44. Kd2 Kb6 45. Rd7 Kxa6 46. Kd3 Rxh4 47. Rxg7 Rf4 48. Rg6+ Kb7 49. Rg5 h4 50. Rc5 Kb6 51. Rc8 Rg4 52. Kc4 Kb7 53. Rc5 Re4 54. Kd3 Kb6 55. Rc8 Rf4 56. Kc4 Rg4 57. Kd3 Kb5 58. Rc7 Kb4 59. Rc8 Rf4 60. Rc7 Kb5 1/2-1/2

[Event "Medellin Flores op 19th"]
[Site "Medellin"]
[Date "2013.08.04"]
[Round "3"]
[White "Salazar, Monica Maria"]
[Black "Lizarazo, Juan Carlos"]
[Result "0-1"]
[WhiteElo "1910"]
[BlackElo "2084"]
[PlyCount "78"]
[EventDate "2013.08.03"]
[EventType "swiss"]
[EventRounds "9"]
[EventCountry "COL"]
[SourceTitle "CBM 155 Extra"]
[Source "ChessBase"]
[SourceDate "2013.08.26"]
[SourceVersion "1"]
[SourceVersionDate "2013.08.26"]
[SourceQuality "1"]

1. c4 e5 2. Nc3 Nc6 3. g3 Nf6 4. Bg2 Bc5 5. d3 h6 6. e3 d6 7. Nge2 0-0 8. 0-0 Re8 9. a3 a5 10. Qc2 Bf5 11. e4 Bg4 12. Be3 Bxe2 13. Nxe2 Ng4 14. Bc1 Nd4 15. Nxd4 Bxd4 16. h3 Nf6 17. Rb1 a4 18. Be3 Bc5 19. Qd2 Nd7 20. d4 exd4 21. Bxd4 Bxd4 22. Qxd4 Qf6 23. Qxf6 gxf6 24. Rbc1 Nc5 25. Rc3 Ra6 26. f3 Rb6 27. Rf2 Re5 28. Re3 Kg7 29. Rd2 Nb3 30. Rd1 Na5 31. Re2 Nxc4 32. Rc1 Rc5 33. Rec2 Ne3 34. Rxc5 dxc5 35. Rxc5 Nxg2 36. Kxg2 Rxb2+ 37. Kf1 b5 38. Rxc7 b4 39. Rc1 bxa3 0-1

[Event "Medellin Flores op 19th"]
[Site "Medellin"]
[Date "2013.08.03"]
[Round "1"]
[White "Lizarazo, Juan Carlos"]
[Black "Gamboa, Nelson"]
[Result "1/2-1/2"]
[WhiteElo "2084"]
[BlackElo "2348"]
[PlyCount "63"]
[EventDate "2013.08.03"]
[EventType "swiss"]
[EventRounds "9"]
[EventCountry "COL"]
[SourceTitle "CBM 155 Extra"]
[Source "ChessBase"]
[SourceDate "2013.08.26"]
[SourceVersion "1"]
[SourceVersionDate "2013.08.26"]
[SourceQuality "1"]

1. e4 c5 2. Nf3 Nc6 3. Bc4 e6 4. Nc3 a6 5. a4 Nf6 6. d4 d5 7. exd5 exd5 8. Be2 Be7 9. 0-0 0-0 10. dxc5 d4 11. Nb1 Bf5 12. Bd3 Bg4 13. h3 Bh5 14. Bf4 Bxc5 15. Nbd2 Qd5 16. Re1 Rae8 17. Rxe8 Rxe8 18. Qf1 Nb4 19. Re1 Rxe1 20. Nxe1 Nxd3 21. Qxd3 Qe6 22. Nef3 Nd5 23. Be5 f6 24. Bxd4 Bxf3 25. Bxc5 Qe1+ 26. Kh2 Bxg2 27. Qf5 Qh1+ 28. Kg3 Kf7 29. Qd7+ Kg6 30. Qg4+ Kf7 31. Qd7+ Kg6 32. Qg4+ 1/2-1/2